000 00466nam a2200181Ia 4500
008 100917s9999 xx 000 0 und d
082 _b32405
100 _aदेसाई रणजित
245 _aबारी
260 _bदेशमुख प्रकाशन
_c1977
300 _a241
365 _b20
520 _aकादंबरी
630 _aबारी
650 _aकादंबरी
730 _aबारी
942 _cBOOK
999 _c637799
_d637796